000 01241nam0a22002651 4500
001 rc\242200
005 20030307120215.4
035 _a(NLR Aleph) 005493651
090 _a5233774
_c5233774
100 _a20030307d1990 u |0rusy50 ca
101 0 _arus
102 _aRU
105 _aa |||||||||
200 1 _aОпыт разработки и внедрения специализированных устройств для систем автоматического и дистанционного управления
210 _aМ.
_cЦБНТИ Минмонтажспецстроя СССР
_d1990
215 _a52, [3] с.
_cил.
_d20
225 1 _aМонтажные и специальные строительные работы
_eОбзор. информ.
_fМ-во монтаж. и спец. строит. работ СССР. ЦБНТИ
_iСерия "Монтаж и наладка средств автоматизации и связи"
_vВып. 1
300 _aНа обл. только загл. сер.
320 _aБиблиогр.: с. 53-54 (19 назв.)
700 1 _aКлимашев
_bА. Г.
801 0 _aRU
_bNLR
_gpsbo
801 1 _aRU
_bELAR
_2rusmarc
852 _aNLR
_jП10/6679
942 _cBOOK
980 _aNB